000 00303nam a2200121Ia 4500
005 20251222144635.0
008 251222s9999||||xx |||||||||||||| ||spa||
082 _a808.81L/S21
100 _aSandoval Zapata, Juan José
245 0 _aLagrimas, Poemario y Otros Graffitis
264 _bJota
942 _cLIB
999 _c16437
_d16437